| 000 | 00706nam a2200217Ia 4500 | ||
|---|---|---|---|
| 008 | 240729s9999 xx 000 0 und d | ||
| 022 | _a2207-3744 | ||
| 245 | 0 | _aJournal of Renal and Hepatic Disorders | |
| 260 | _aAustralia | ||
| 260 | _bCodon Publications | ||
| 650 | _a Diseases of the endocrine glands. Clinical endocrinology | Medicine | ||
| 650 | _a Diseases of the genitourinary system. Urology | ||
| 650 | _a Internal medicine | ||
| 650 | _a Internal medicine | ||
| 650 | _a Specialties of internal medicine | ||
| 650 | _a Specialties of internal medicine | ||
| 650 | _aMedicine | ||
| 856 | _uhttps://doaj.org/toc/a6b2d3f648e04979924fa8565fcc1896 | ||
| 942 | _2ddc | ||
| 942 | _cDOAJEJ | ||
| 999 |
_c66063 _d66063 |
||
| 945 |
_a1 _bMadushi Gamage _c1 _dMadushi Gamage |
||